[Event "Oberliga NRW 1415"]
[Site "Germany"]
[Date "2015.03.22"]
[Round "8.7"]
[White "Bus, Tom"]
[Black "Kukuk, Christian"]
[Result "1-0"]
[WhiteElo "2105"]
[BlackElo "1826"]
[PlyCount "57"]
[EventDate "2014.09.14"]
[EventType "team-tourn"]
[EventRounds "9"]
[EventCountry "GER"]
[SourceTitle "EXT 2017"]
[Source "ChessBase"]
[SourceDate "2016.10.25"]
[SourceVersion "1"]
[SourceVersionDate "2016.10.25"]
[SourceQuality "1"]
[WhiteTeam "Muelheim Nord II"]
[BlackTeam "Duisburg PSV"]
[WhiteTeamCountry "GER"]
[BlackTeamCountry "GER"]

1. c4 Nf6 2. g3 g6 3. Bg2 Bg7 4. Nc3 c5 5. Nf3 0-0 6. 0-0 Nc6 7. d3 d6 8. a3 a6 9. Rb1 Ne8 10. Bd2 Nc7 11. b4 cxb4 12. axb4 e6 13. Qc1 Re8 14. Bg5 f6 15. Be3 Qd7 16. Re1 b5 17. cxb5 axb5 18. Bb6 Rb8 19. Bxc7 Qxc7 20. Nxb5 Qd7 21. Nfd4 Nxd4 22. Nxd4 d5 23. Nc6 Rb5 24. e4 dxe4 25. Rxe4 Qxd3 26. Rd4 Qf5 27. Rd8 Kf7 28. Rxe8 Kxe8 29. Nd4 1-0

[Event "Rheinhausen-ch op 18th"]
[Site "Rheinhausen"]
[Date "2014.01.24"]
[Round "2"]
[White "Kukuk, Christian"]
[Black "Heinert, Eugen"]
[Result "0-1"]
[WhiteElo "1789"]
[BlackElo "2193"]
[PlyCount "76"]
[EventDate "2014.01.10"]
[EventType "swiss"]
[EventRounds "7"]
[EventCountry "GER"]
[SourceTitle "EXT 2017"]
[Source "ChessBase"]
[SourceDate "2016.10.25"]
[SourceVersion "1"]
[SourceVersionDate "2016.10.25"]
[SourceQuality "1"]

1. e4 e6 2. d4 d5 3. exd5 exd5 4. c4 Nf6 5. Nc3 Bd6 6. Bd3 dxc4 7. Bxc4 0-0 8. Nge2 h6 9. 0-0 Nbd7 10. Nb5 Nb6 11. Nxd6 Qxd6 12. Bf4 Qe7 13. Rc1 Nxc4 14. Rxc4 Nd5 15. Qd2 c6 16. Nc3 Be6 17. Re1 Nxf4 18. Qxf4 Qg5 19. Qxg5 hxg5 20. Rc5 Rfd8 21. Rxg5 Rxd4 22. Ne4 Rad8 23. h4 Rd1 24. Rxd1 Rxd1+ 25. Kh2 Bxa2 26. Ra5 Bd5 27. Nd6 Rd2 28. Rxa7 Rxb2 29. Rxb7 Rxf2 30. Kg3 Rxg2+ 31. Kf4 Re2 32. Nf5 Re4+ 33. Kg5 Be6 34. Ne7+ Kh7 35. Kh5 Rg4 36. Ra7 Re4 37. Ra5 Bg4+ 38. Kg5 f6# 0-1

[Event "Rheinhausen-ch op 18th"]
[Site "Rheinhausen"]
[Date "2014.01.10"]
[Round "1"]
[White "Dubberke, Alexander"]
[Black "Kukuk, Christian"]
[Result "0-1"]
[WhiteElo "1313"]
[BlackElo "1789"]
[PlyCount "40"]
[EventDate "2014.01.10"]
[EventType "swiss"]
[EventRounds "7"]
[EventCountry "GER"]
[SourceTitle "EXT 2017"]
[Source "ChessBase"]
[SourceDate "2016.10.25"]
[SourceVersion "1"]
[SourceVersionDate "2016.10.25"]
[SourceQuality "1"]

1. d4 Nf6 2. c4 e6 3. Nc3 Bb4 4. Qc2 b6 5. Nf3 Bb7 6. b3 0-0 7. Bg5 h6 8. Bh4 g5 9. Bg3 Ne4 10. Rc1 Bxc3+ 11. Kd1 Bb4 12. Ra1 Qe7 13. e3 Nc3+ 14. Kc1 Be4 15. Bd3 f5 16. Ne5 Ba3+ 17. Kd2 Bxd3 18. Nxd3 Ne4+ 19. Ke2 Nc6 20. Bxc7 d6 0-1

[Event "Rheinhausen-ch 11th"]
[Site "Duisburg Rheinhausen"]
[Date "2007.01.26"]
[Round "2"]
[White "Schumacher, Timo"]
[Black "Kukuk, Christian"]
[Result "0-1"]
[WhiteElo "1002"]
[BlackElo "1894"]
[PlyCount "62"]
[EventDate "2007.01.12"]
[EventType "swiss"]
[EventRounds "7"]
[EventCountry "GER"]
[SourceTitle "EXT 2018"]
[Source "ChessBase"]
[SourceDate "2017.10.13"]
[SourceVersion "1"]
[SourceVersionDate "2017.10.13"]
[SourceQuality "1"]

1. e4 c5 2. Nf3 d6 3. d4 cxd4 4. Nxd4 Nf6 5. Nc3 a6 6. Bc4 e6 7. Qe2 Be7 8. Qf3 0-0 9. 0-0 Nbd7 10. Be3 Ne5 11. Qe2 Nxc4 12. Qxc4 b5 13. Qd3 Bb7 14. a4 b4 15. Na2 Bxe4 16. Qc4 d5 17. Qb3 a5 18. c3 Bd3 19. Rfd1 Bc4 20. Qc2 bxc3 21. Nxc3 Qd7 22. b3 Ba6 23. Ncb5 Rfc8 24. Qe2 Ne4 25. Bd2 Bf6 26. Bxa5 Bxb5 27. axb5 Rxa5 28. Rxa5 Nc3 29. Qe1 Nxd1 30. Qxd1 Bxd4 31. Qxd4 Rc1+ 0-1

[Event "Dortmund Sparkassen op-B"]
[Site "Dortmund"]
[Date "2006.08.04"]
[Round "7"]
[White "Schwarz, Ingo"]
[Black "Kukuk, Christian"]
[Result "1/2-1/2"]
[WhiteElo "2004"]
[BlackElo "1874"]
[PlyCount "35"]
[EventDate "2006.07.28"]
[EventType "swiss"]
[EventRounds "9"]
[EventCountry "GER"]
[SourceTitle "CBM 113 Extra"]
[Source "ChessBase"]
[SourceDate "2006.09.14"]
[SourceVersion "1"]
[SourceVersionDate "2006.09.14"]
[SourceQuality "1"]

1. e4 c5 2. Bc4 e6 3. Nc3 Nc6 4. Nf3 d6 5. 0-0 Nf6 6. Re1 a6 7. a4 Be7 8. Bf1 0-0 9. b3 Qc7 10. Bb2 d5 11. exd5 exd5 12. d4 cxd4 13. Nxd4 Nxd4 14. Qxd4 Bc5 15. Nxd5 Bxd4 16. Nxc7 Bxb2 17. Nxa8 Bxa1 18. Rxa1 1/2-1/2

[Event "Dortmund Sparkassen op-B"]
[Site "Dortmund"]
[Date "2006.07.30"]
[Round "3"]
[White "Quast, Marcel"]
[Black "Kukuk, Christian"]
[Result "0-1"]
[WhiteElo "1668"]
[BlackElo "1874"]
[PlyCount "146"]
[EventDate "2006.07.28"]
[EventType "swiss"]
[EventRounds "9"]
[EventCountry "GER"]
[SourceTitle "CBM 113 Extra"]
[Source "ChessBase"]
[SourceDate "2006.09.14"]
[SourceVersion "1"]
[SourceVersionDate "2006.09.14"]
[SourceQuality "1"]

1. e4 c5 2. d4 cxd4 3. c3 dxc3 4. Nxc3 d6 5. Nf3 Nf6 6. Bc4 e6 7. 0-0 Be7 8. Qe2 0-0 9. Rd1 a6 10. e5 Ne8 11. exd6 Nxd6 12. Bf4 Qc7 13. Bb3 Rd8 14. Ne4 Qb6 15. Be3 Qb4 16. Rd4 Qa5 17. Nxd6 Rxd6 18. Rxd6 Bxd6 19. Qd3 Be7 20. Bc2 g6 21. Bh6 Nc6 22. Nd4 Nxd4 23. Qxd4 e5 24. Qe4 Qb5 25. Qa4 Qxa4 26. Bxa4 b5 27. Bb3 Bb7 28. Re1 Bf6 29. Rc1 Rc8 30. Rd1 Bg7 31. Be3 Bc6 32. Rc1 Bd7 33. Bd5 Rxc1+ 34. Bxc1 Kf8 35. b3 Ke8 36. Bd2 Bf8 37. Bb7 b4 38. Bxa6 Bf5 39. Bb5+ Kd8 40. Bg5+ Be7 41. Bxe7+ Kxe7 42. Kf1 Bb1 43. Ke2 Bxa2 44. Bc4 Bb1 45. Ke3 Bf5 46. g3 f6 47. Bg8 h6 48. Bc4 Kd6 49. f3 Be6 50. Kd3 Bd5 51. f4 e4+ 52. Kd4 Bxc4 53. Kxc4 f5 54. Kxb4 Kd5 55. Kc3 Kc5 56. h3 h5 57. b4+ Kb5 58. Kb3 h4 59. gxh4 e3 60. Kc3 e2 61. Kd2 Kxb4 62. Kxe2 Kc4 63. Kf3 Kd3 64. Kg3 Ke3 65. h5 gxh5 66. Kh4 Kxf4 67. Kxh5 Kg3 68. h4 f4 69. Kg5 f3 70. h5 f2 71. h6 f1Q 72. Kg6 Qf8 73. Kh7 Qf6 0-1

[Event "Dortmund Sparkassen op-B"]
[Site "Dortmund"]
[Date "2006.07.28"]
[Round "2"]
[White "Kukuk, Christian"]
[Black "Rojek, Stephan"]
[Result "1-0"]
[WhiteElo "1874"]
[BlackElo "1636"]
[PlyCount "69"]
[EventDate "2006.07.28"]
[EventType "swiss"]
[EventRounds "9"]
[EventCountry "GER"]
[SourceTitle "CBM 113 Extra"]
[Source "ChessBase"]
[SourceDate "2006.09.14"]
[SourceVersion "1"]
[SourceVersionDate "2006.09.14"]
[SourceQuality "1"]

1. d4 g6 2. c4 f5 3. Nc3 Bg7 4. Nf3 Nf6 5. g3 0-0 6. Bg2 d6 7. 0-0 Nc6 8. e3 a6 9. b3 e5 10. dxe5 dxe5 11. Ba3 Re8 12. Qc2 Be6 13. Rad1 Qc8 14. Ng5 e4 15. Nxe6 Qxe6 16. Nd5 Rac8 17. Rd2 Ne5 18. Nf4 Qc6 19. Bb2 Nf3+ 20. Bxf3 exf3 21. Rfd1 Ne4 22. Rd7 Nf6 23. Bxf6 Qxf6 24. Nd5 Qe6 25. Nxc7 Rxc7 26. Rxc7 f4 27. Rdd7 Bh8 28. Qd3 fxe3 29. Qxe3 Qxe3 30. fxe3 Rf8 31. Kf2 b6 32. Rb7 Bc3 33. Rxb6 a5 34. c5 Bb4 35. Rbb7 1-0

[Event "Rheinhausen-ch 10th"]
[Site "Duisburg Rheinhausen"]
[Date "2006.03.31"]
[Round "7.6"]
[White "Ayad, Amin"]
[Black "Kukuk, Christian"]
[Result "1/2-1/2"]
[WhiteElo "1730"]
[BlackElo "1746"]
[PlyCount "54"]
[EventDate "2006.01.06"]
[EventType "swiss"]
[EventRounds "7"]
[EventCountry "GER"]
[SourceTitle "EXT 2007"]
[Source "ChessBase"]
[SourceDate "2006.11.23"]
[SourceVersion "1"]
[SourceVersionDate "2006.11.23"]
[SourceQuality "1"]

1. Nf3 Nf6 2. c4 g6 3. Nc3 Bg7 4. e4 d6 5. d4 0-0 6. Be2 e5 7. dxe5 dxe5 8. Qxd8 Rxd8 9. Bg5 Re8 10. Nd5 Nxd5 11. cxd5 h6 12. Be3 c6 13. Bc4 cxd5 14. Bxd5 Nc6 15. Bxc6 bxc6 16. 0-0 a5 17. Rfc1 Rb8 18. b3 a4 19. bxa4 Ra8 20. a5 Rxa5 21. a4 c5 22. Bxc5 Bd7 23. Nd2 Rxa4 24. Nc4 Rxa1 25. Rxa1 Rc8 26. Nb6 Rxc5 27. Nxd7 Rb5 1/2-1/2

[Event "Dortmund op-B"]
[Site "Dortmund"]
[Date "2003.08.08"]
[Round "7"]
[White "Winkler, Harald"]
[Black "Kukuk, Christian"]
[Result "1-0"]
[WhiteElo "1400"]
[BlackElo "1658"]
[PlyCount "107"]
[EventDate "2003.08.01"]
[EventType "swiss"]
[EventRounds "9"]
[EventCountry "GER"]
[SourceTitle "CBM 095 Extra"]
[Source "ChessBase"]
[SourceDate "2003.09.04"]
[SourceVersion "1"]
[SourceVersionDate "2003.09.04"]
[SourceQuality "1"]

1. e4 e6 2. d4 d5 3. Nd2 dxe4 4. Nxe4 Nd7 5. c4 Ngf6 6. Bg5 Bb4+ 7. Nd2 h6 8. Bxf6 Nxf6 9. Qa4+ Qd7 10. Qxb4 Qxd4 11. Ngf3 Qb6 12. Qxb6 axb6 13. g3 Bd7 14. Bg2 Bc6 15. 0-0 0-0 16. Rfd1 Rfd8 17. a3 Rd6 18. Nf1 Rad8 19. Rxd6 Rxd6 20. N3d2 Kf8 21. b3 Ke7 22. Ra2 Nd7 23. Bxc6 Rxc6 24. Nf3 Nc5 25. Nd4 Rd6 26. Nb5 Rd7 27. b4 Na4 28. Rd2 e5 29. Rc2 Rd3 30. Nxc7 Rxa3 31. Nd5+ Ke6 32. f4 e4 33. Re2 f5 34. g4 g6 35. gxf5+ gxf5 36. Ng3 Nc3 37. Rd2 b5 38. Nxc3 Rxc3 39. cxb5 Rb3 40. Rd4 Rf3 41. Ne2 Rb3 42. b6 Rb2 43. Kf1 Rc2 44. Rd8 Rc4 45. Rb8 Rxb4 46. Rxb7 Kd5 47. Rf7 Rxb6 48. Rxf5+ Kc4 49. Kf2 Re6 50. Ke3 Re8 51. Re5 Rxe5 52. fxe5 Kd5 53. Kf4 e3 54. Kf5 1-0

[Event "Dortmund op-B"]
[Site "Dortmund"]
[Date "2003.08.01"]
[Round "1"]
[White "Wilms, Christoph"]
[Black "Kukuk, Christian"]
[Result "0-1"]
[WhiteElo "1190"]
[BlackElo "1658"]
[PlyCount "54"]
[EventDate "2003.08.01"]
[EventType "swiss"]
[EventRounds "9"]
[EventCountry "GER"]
[SourceTitle "CBM 095 Extra"]
[Source "ChessBase"]
[SourceDate "2003.09.04"]
[SourceVersion "1"]
[SourceVersionDate "2003.09.04"]
[SourceQuality "1"]

1. d4 e6 2. c4 Bb4+ 3. Nc3 b6 4. Nf3 Bxc3+ 5. bxc3 Bb7 6. e3 f5 7. Ba3 Nf6 8. c5 Ne4 9. Qc2 d6 10. cxd6 cxd6 11. Bb5+ Nd7 12. Bc4 Rc8 13. Bxe6 Rxc3 14. Qa4 Qc7 15. Bxf5 Bc6 16. Qb4 a5 17. Qb2 0-0 18. Be6+ Kh8 19. Ng5 Rxa3 20. Nf7+ Rxf7 21. Bxf7 Rc3 22. 0-0 Ba4 23. Rac1 Ndf6 24. Rxc3 Nxc3 25. Rc1 Ne2+ 26. Qxe2 Qxc1+ 27. Qf1 Qxf1+ 0-1